000 00780nam a22002297a 4500
003 OSt
005 20140310181737.0
008 130320t xxu||||| |||| 00| 0 eng d
020 _a0944583032
050 _aBF 441
_b.P324 1995
082 _aTR 373.01
_bB47 1995
100 _aPaul, Richard; Binker, A.J.A.; Martin, Douglas; Adamson, Ken
_9694
245 _aCritical thinking handbook--high school :
_cRichard Paul ... [et al.]
_ba guide for redesigning instruction /
260 _aSta.Rosa,CA :
_bFoundation for Critical Thinking,
_cc1995.
300 _aiii, 424p. :
_bill. ;
_c28 cm.
521 _aFaculty
541 _j1
562 _e1
650 _aCritical thinking
_xInstruction
_9695
650 _aLesson plan
_xRemodelling
_9696
942 _2lcc
_cBK-TR
_kTR
999 _c2615
_d2615